Michael Schumacher's F1 Career - Statistics

General Stats
  • This quiz has been taken 1,096 times
  • The average score is 14 of 21
Answer Stats
Answer % Correct
Ferrari
99%
Mercedes
95%
Benetton
94%
91
89%
Rubens Barrichello
88%
Nico Rosberg
86%
Mika Hakkinen
84%
Damon Hill
79%
Felipe Massa
78%
Jordan
78%
Kimi Raikkonen
77%
Eddie Irvine
73%
David Coulthard
70%
68
68%
Jos Verstappen
50%
Johnny Herbert
39%
Martin Brundle
33%
Nelson Piquet
33%
Riccardo Patrese
27%
JJ Lehto
24%
Andrea de Cesaris
20%
No matching quizzes found
Score Distribution
Percent of People with Each Score
Percentile by Number Answered
Your Score History
You have not taken this quiz